000 00549nam a2200193Ia 4500
005 20250326140324.0
008 250326s9999 xx 000 0 und d
020 _a0-333-99351-9
037 _aTextbook
040 _aFMSL
_beng
_cFMSL
041 _aeng
_2eng
084 _aX:72 P0
_qFMSL
100 _aPentecost Eric J.
245 0 _aMacroeconomics: an open economy approach
_cPentecost Eric J.
260 _aNew York
_bNew York, St. Martin's Press
_c2000
300 _axi,414
942 _cTB
_hX:72 P0
999 _c1285243
_d1285243